[Event "Caldaro op 4th"]
[Site "Caldaro"]
[Date "2019.10.19"]
[Round "2"]
[White "Casadio, Niccolo"]
[Black "De Nisi, Roberta"]
[Result "1-0"]
[WhiteElo "1944"]
[BlackElo "1812"]
[PlyCount "49"]
[EventDate "2019.10.18"]
[EventType "swiss"]
[EventRounds "5"]
[EventCountry "ITA"]
[SourceTitle "CBM 192 Extra"]
[Source "Chessbase"]
[SourceDate "2019.11.06"]
[SourceVersion "1"]
[SourceVersionDate "2019.11.06"]
[SourceQuality "1"]

1. e4 e6 2. d4 d5 3. Nc3 Nf6 4. Bg5 Be7 5. e5 Nfd7 6. h4 a6 7. Qg4 Kf8 8. Rh3 c5 9. Rf3 f5 10. Qf4 Nc6 11. Nge2 b5 12. Nxd5 Bxg5 13. hxg5 Nxd4 14. Nxd4 cxd4 15. g4 Nc5 16. gxf5 exf5 17. Qxd4 Ne6 18. Qb4+ Ke8 19. 0-0-0 Qxg5+ 20. Kb1 Rf8 21. Rg3 Qd8 22. Nf6+ gxf6 23. Rxd8+ Kxd8 24. Qd6+ Ke8 25. Qc6+ 1-0

[Event "Arco op 41st"]
[Site "Arco"]
[Date "2019.10.10"]
[Round "7"]
[White "De Nisi, Roberta"]
[Black "Renzi, Marco"]
[Result "1-0"]
[WhiteElo "1812"]
[BlackElo "1936"]
[PlyCount "127"]
[EventDate "2019.10.04"]
[EventType "swiss"]
[EventRounds "9"]
[EventCountry "ITA"]
[SourceTitle "EXT 2020"]
[Source "ChessBase"]
[SourceDate "2019.10.17"]
[SourceVersion "1"]
[SourceVersionDate "2019.10.17"]
[SourceQuality "1"]

1. d4 d5 2. c4 c6 3. cxd5 cxd5 4. Nc3 Nc6 5. e3 Nf6 6. Nf3 Bg4 7. Be2 e6 8. 0-0 Rc8 9. Ne5 Nxe5 10. dxe5 Bxe2 11. Qxe2 Nd7 12. f4 Bc5 13. Bd2 0-0 14. Rf3 Nb6 15. Raf1 Nc4 16. Bc1 Qa5 17. Rh3 g6 18. Qg4 Rfe8 19. Qh4 h5 20. Qg3 Kh7 21. f5 Qc7 22. fxg6+ fxg6 23. Rf6 Nxe5 24. Qf4 Bf8 25. g4 Bh6 26. Rxh5 gxh5 27. Qxh6+ Kg8 28. Qg5+ Qg7 29. Qxe5 Qxg4+ 30. Qg3 Qxg3+ 31. hxg3 Kg7 32. Rf1 a6 33. Ne2 e5 34. Nc3 Rc5 35. e4 d4 36. Nd5 Rc2 37. b4 Rec8 38. Bg5 Rxa2 39. Bf6+ Kh7 40. Bxe5 Rcc2 41. Nf4 d3 42. Rd1 d2 43. Kf2 Kh6 44. Nd3 b5 45. Bf4+ Kg7 46. Ke2 Kf6 47. Rxd2 Rxd2+ 48. Bxd2 Ke6 49. Ke3 Ra3 50. Kd4 Kd7 51. Bf4 Kc6 52. e5 a5 53. e6 axb4 54. Nxb4+ Kb7 55. e7 Ra8 56. Kc5 Re8 57. Nd5 b4 58. Kxb4 Kc6 59. Kc4 Kd7 60. Nf6+ Kxe7 61. Nxe8 Kxe8 62. Kd5 Kf7 63. Ke5 Kg6 64. Ke6 1-0

[Event "Arco op 41st"]
[Site "Arco"]
[Date "2019.10.08"]
[Round "5"]
[White "De Nisi, Roberta"]
[Black "Caruso, Daniele"]
[Result "0-1"]
[WhiteElo "1812"]
[BlackElo "1989"]
[PlyCount "118"]
[EventDate "2019.10.04"]
[EventType "swiss"]
[EventRounds "9"]
[EventCountry "ITA"]
[SourceTitle "EXT 2020"]
[Source "ChessBase"]
[SourceDate "2019.10.17"]
[SourceVersion "1"]
[SourceVersionDate "2019.10.17"]
[SourceQuality "1"]

1. d4 Nf6 2. c4 e6 3. Nc3 Bb4 4. a3 Bxc3+ 5. bxc3 b6 6. Bg5 Bb7 7. e3 d6 8. Nf3 Nbd7 9. Bd3 0-0 10. 0-0 h6 11. Bh4 g5 12. Bg3 Ne4 13. Bxe4 Bxe4 14. Nd2 Bd3 15. Re1 f5 16. f4 Qf6 17. Qa4 Qg7 18. Qc6 Nf6 19. Qf3 Rae8 20. Rac1 Be4 21. Qe2 Bb7 22. c5 bxc5 23. dxc5 e5 24. Qb5 Ba8 25. cxd6 gxf4 26. exf4 exf4 27. Qc4+ Bd5 28. Qxf4 Nh5 29. Qd4 Qxd4+ 30. cxd4 Nxg3 31. hxg3 cxd6 32. Kf2 Kg7 33. Rxe8 Rxe8 34. Rc7+ Kf6 35. Rxa7 Rc8 36. a4 Rc2 37. Ke3 Bxg2 38. Kd3 Ra2 39. Ke3 Bd5 40. a5 Ra3+ 41. Kf2 Rd3 42. Nf1 Rxd4 43. Ne3 Be4 44. Ke2 Ra4 45. Kd2 Ke5 46. a6 Kd4 47. Nc2+ Kc5 48. Rc7+ Kb6 49. Rd7 Ra2 50. Rxd6+ Kc5 51. Rxh6 Rxc2+ 52. Ke3 Rc3+ 53. Kf2 Rf3+ 54. Kg2 Re3+ 55. Kf2 Kd4 56. Rd6+ Bd5 57. Rf6 Rf3+ 58. Ke1 Ke3 59. Kd1 Be4 0-1

[Event "Caldaro Puntay op-A 1st"]
[Site "Caldaro"]
[Date "2016.10.23"]
[Round "5"]
[White "Bonade, Massimo"]
[Black "De Nisi, Roberta"]
[Result "1/2-1/2"]
[WhiteElo "2111"]
[BlackElo "1852"]
[PlyCount "74"]
[EventDate "2016.10.21"]
[EventType "swiss"]
[EventRounds "5"]
[EventCountry "ITA"]
[SourceTitle "EXT 2018"]
[Source "ChessBase"]
[SourceDate "2017.10.13"]
[SourceVersion "1"]
[SourceVersionDate "2017.10.13"]
[SourceQuality "1"]

1. e4 e6 2. d4 d5 3. Nd2 Nf6 4. e5 Nfd7 5. Bd3 c5 6. c3 Nc6 7. Ne2 cxd4 8. cxd4 Qb6 9. Nf3 Be7 10. 0-0 0-0 11. b3 f5 12. exf6 Nxf6 13. Bb2 Bd7 14. Ne5 Nxe5 15. dxe5 Ng4 16. Bd4 Bc5 17. Bxc5 Qxc5 18. Rc1 Qb6 19. Nd4 Rf4 20. Nf3 Raf8 21. Qe2 a6 22. h3 Nh6 23. Rfe1 Nf5 24. Bxf5 R8xf5 25. Qc2 Bc6 26. Re2 Qd8 27. Qd2 d4 28. Ne1 Qh4 29. Nd3 Re4 30. Rxe4 Qxe4 31. f3 Qh4 32. a4 Qg3 33. Ne1 Rxe5 34. Qf2 Qxf2+ 35. Kxf2 Re3 36. Rd1 Rxb3 37. Rxd4 Rb2+ 1/2-1/2

[Event "Arco op 36th"]
[Site "Arco"]
[Date "2014.10.09"]
[Round "6"]
[White "De Nisi, Roberta"]
[Black "Perman, Denis"]
[Result "0-1"]
[WhiteElo "1942"]
[BlackElo "1835"]
[PlyCount "58"]
[EventDate "2014.10.04"]
[EventType "swiss"]
[EventRounds "9"]
[EventCountry "ITA"]
[SourceTitle "EXT 2016"]
[Source "ChessBase"]
[SourceDate "2015.10.08"]
[SourceVersion "1"]
[SourceVersionDate "2015.10.08"]
[SourceQuality "1"]

1. d4 Nf6 2. c4 g6 3. Nc3 Bg7 4. e4 d6 5. f3 0-0 6. Be3 Nc6 7. Rb1 e5 8. d5 Nd4 9. Nge2 Nxe2 10. Bxe2 c6 11. 0-0 cxd5 12. cxd5 Ne8 13. Qd2 f5 14. Rfc1 f4 15. Bf2 g5 16. Rc2 h5 17. Rbc1 g4 18. Nb5 Bd7 19. Qb4 Qg5 20. Kf1 g3 21. hxg3 fxg3 22. Bg1 h4 23. Nxd6 h3 24. gxh3 g2+ 25. Ke1 Qg3+ 26. Kd1 Rxf3 27. Rc4 Bh6 28. Rb1 Nxd6 29. Qxd6 Rd3+ 0-1

[Event "ITA-ch sf 72nd"]
[Site "Civitanova Marche"]
[Date "2012.07.18"]
[Round "5"]
[White "De Nisi, Roberta"]
[Black "Astengo, Marcello"]
[Result "0-1"]
[WhiteElo "1975"]
[BlackElo "2033"]
[PlyCount "62"]
[EventDate "2012.07.15"]
[EventType "swiss"]
[EventRounds "9"]
[EventCountry "ITA"]
[SourceTitle "EXT 2013"]
[Source "ChessBase"]
[SourceDate "2012.11.22"]
[SourceVersion "1"]
[SourceVersionDate "2012.11.22"]
[SourceQuality "1"]

1. d4 d5 2. c4 c6 3. Nc3 e6 4. cxd5 exd5 5. Bf4 Qb6 6. Qd2 Nf6 7. a3 Bf5 8. e3 Nbd7 9. Be2 Be7 10. Na4 Qb3 11. Bd1 Qb5 12. Nc3 Qb6 13. Nge2 0-0 14. 0-0 Rad8 15. b4 a5 16. Na4 Ne4 17. Qb2 Qa7 18. f3 Nd6 19. Bxd6 Bxd6 20. e4 dxe4 21. Bc2 Rfe8 22. Nac3 exf3 23. Bxf5 fxe2 24. Nxe2 Nf6 25. Kh1 Qb8 26. g3 axb4 27. axb4 Bxb4 28. Qxb4 Rxe2 29. Rfb1 Nd5 30. Qxb7 Re1+ 31. Kg2 Qxb7 0-1

[Event "ITA-ch sf 72nd"]
[Site "Civitanova Marche"]
[Date "2012.07.17"]
[Round "3"]
[White "De Nisi, Roberta"]
[Black "Viviani, Alessio"]
[Result "0-1"]
[WhiteElo "1975"]
[BlackElo "2093"]
[PlyCount "72"]
[EventDate "2012.07.15"]
[EventType "swiss"]
[EventRounds "9"]
[EventCountry "ITA"]
[SourceTitle "EXT 2013"]
[Source "ChessBase"]
[SourceDate "2012.11.22"]
[SourceVersion "1"]
[SourceVersionDate "2012.11.22"]
[SourceQuality "1"]

1. d4 Nf6 2. c4 g6 3. Nc3 Bg7 4. e4 d6 5. f3 0-0 6. Be3 e5 7. Nge2 c6 8. Qd2 Nbd7 9. 0-0-0 Qc7 10. Kb1 Nb6 11. Nc1 exd4 12. Bxd4 Rd8 13. g4 Be6 14. b3 d5 15. exd5 cxd5 16. c5 Nbd7 17. b4 a5 18. a3 axb4 19. axb4 b6 20. Nb5 Qc6 21. Nb3 bxc5 22. Rc1 c4 23. Na7 Qa4 24. Na5 Bxg4 25. Bxc4 Bf5+ 26. Bd3 Bxd3+ 27. Qxd3 Qxb4+ 28. Nb3 Rdb8 29. Kc2 Nh5 30. Bxg7 Nxg7 31. Ra1 Nc5 32. Nc6 Nxd3 33. Nxb4 Nxb4+ 34. Kc3 Rxa1 35. Rxa1 Nf5 36. Ra4 Nc6 0-1

[Event "Arco op"]
[Site "Arco"]
[Date "2011.12.26"]
[Round "1"]
[White "De Nisi, Roberta"]
[Black "Sheikh, Mohammed Zann"]
[Result "1-0"]
[WhiteElo "1910"]
[BlackElo "1510"]
[PlyCount "107"]
[EventDate "2011.12.26"]
[EventType "swiss"]
[EventRounds "7"]
[EventCountry "ITA"]
[SourceTitle "EXT 2023"]
[Source "ChessBase"]
[SourceDate "2022.10.05"]
[SourceVersion "1"]
[SourceVersionDate "2022.10.05"]
[SourceQuality "1"]

1. d4 d6 2. c4 Nf6 3. Nc3 g6 4. e4 Bg7 5. f3 b6 6. Be3 Bb7 7. Qd2 Nbd7 8. Nge2 e5 9. 0-0-0 Qe7 10. g4 h5 11. g5 Nh7 12. d5 0-0-0 13. h4 Rhf8 14. Bh3 Kb8 15. Kb1 Qe8 16. Qc2 Rg8 17. Qa4 Bf8 18. Nb5 a6 19. Nbc3 Be7 20. Bxd7 Rxd7 21. f4 exf4 22. Bxf4 Rf8 23. Nd4 Qc8 24. e5 dxe5 25. Bxe5 Re8 26. Nc6+ Bxc6 27. Qxc6 Bd6 28. Bxd6 Rxd6 29. Qa4 Rdd8 30. Rhf1 Rf8 31. Ne4 Rde8 32. c5 b5 33. Qd4 Qg4 34. Nf6 Qxd4 35. Rxd4 Nxf6 36. Rxf6 Rd8 37. Rxa6 Kb7 38. Rf6 Ka7 39. Kc2 Ka8 40. Kc3 Ka7 41. a4 Rb8 42. a5 Rbd8 43. Kb4 Rb8 44. b3 Rb7 45. Rdf4 Rd8 46. c6 Rbb8 47. Kc5 Ka6 48. b4 Re8 49. Rxf7 Re1 50. Rxc7 Rd8 51. Rd7 Rde8 52. Rff7 Rc1+ 53. Kd6 Ra8 54. Rb7 1-0

[Event "Latschach op 27th"]
[Site "Latschach"]
[Date "2011.08.19"]
[Round "8"]
[White "De Nisi, Roberta"]
[Black "Hafner, Robert"]
[Result "1/2-1/2"]
[WhiteElo "1964"]
[BlackElo "2113"]
[PlyCount "119"]
[EventDate "2011.08.13"]
[EventType "swiss"]
[EventRounds "9"]
[EventCountry "AUT"]
[SourceTitle "CBM 143 Extra"]
[Source "ChessBase"]
[SourceDate "2011.08.29"]
[SourceVersion "1"]
[SourceVersionDate "2011.08.29"]
[SourceQuality "1"]

1. d4 d5 2. c4 c6 3. Nc3 dxc4 4. e4 b5 5. Be3 Nf6 6. f3 e6 7. a3 Be7 8. Qd2 0-0 9. Rd1 a6 10. Nge2 Bb7 11. g4 Nbd7 12. Kf2 c5 13. g5 Nh5 14. Ng3 Nxg3 15. hxg3 cxd4 16. Qxd4 Nc5 17. Qxd8 Rfxd8 18. Be2 Bc6 19. Rxd8+ Rxd8 20. Rd1 Rxd1 21. Nxd1 Na4 22. Bc1 Bc5+ 23. Ke1 f6 24. gxf6 gxf6 25. Kd2 Kf7 26. Kc2 Bd6 27. g4 Nc5 28. Be3 Kg6 29. Nc3 h5 30. gxh5+ Kxh5 31. f4+ Kg6 32. e5 fxe5 33. fxe5 Be7 34. Bg4 Kf7 35. Bh5+ Kg7 36. Na2 Be4+ 37. Kd1 Nd3 38. Bd4 Bc5 39. Bc3 Bd5 40. Nc1 Nxc1 41. Kxc1 Kh6 42. Be8 Kg5 43. Bd7 Kf5 44. Bc8 Be3+ 45. Kb1 Bf4 46. Bxa6 Bc6 47. a4 bxa4 48. Bxc4 Bxe5 49. Bb4 Be4+ 50. Ka2 Bd5 51. b3 axb3+ 52. Kxb3 Ke4 53. Bxd5+ exd5 54. Kc2 d4 55. Kd1 Bg3 56. Bc5 d3 57. Ba7 Bf4 58. Bb6 Kd5 59. Ba7 Kc4 60. Bb6 1/2-1/2

[Event "Bergamo op 10th"]
[Site "Bergamo"]
[Date "2011.07.16"]
[Round "4"]
[White "Guzzetti, Luigi Enrico"]
[Black "De Nisi, Roberta"]
[Result "0-1"]
[WhiteElo "1962"]
[BlackElo "1964"]
[PlyCount "114"]
[EventDate "2011.07.15"]
[EventType "swiss"]
[EventRounds "6"]
[EventCountry "ITA"]
[SourceTitle "EXT 2023"]
[Source "ChessBase"]
[SourceDate "2022.10.05"]
[SourceVersion "1"]
[SourceVersionDate "2022.10.05"]
[SourceQuality "1"]

1. e4 e6 2. d4 d5 3. e5 c5 4. c3 Nc6 5. Nf3 Qb6 6. Be2 Bd7 7. 0-0 cxd4 8. cxd4 Rc8 9. Nc3 a6 10. Rb1 Bb4 11. Na4 Qc7 12. a3 Be7 13. b4 b5 14. Nc5 Bxc5 15. bxc5 Nge7 16. a4 bxa4 17. Bxa6 Rb8 18. Rxb8+ Qxb8 19. Ba3 0-0 20. Bd3 h6 21. Bc2 Qa7 22. Qd3 g6 23. h4 Ra8 24. h5 Qa6 25. hxg6 fxg6 26. Qd2 Kg7 27. Bc1 Ng8 28. Ba3 Na5 29. Bd3 Bb5 30. Bxb5 Qxb5 31. Re1 Nc4 32. Qb4 Qxb4 33. Bxb4 Ne7 34. Ra1 a3 35. Nd2 a2 36. Bc3 Ra3 37. Bb4 Ra4 38. Bc3 Nc6 39. Nf3 N6a5 40. Bxa5 Nxa5 41. Nd2 Nc6 42. Nb3 Rb4 43. Rxa2 Rxb3 44. Ra6 Nxd4 45. c6 Rc3 46. Ra7+ Kf8 47. c7 Ke8 48. Ra8+ Kd7 49. Rh8 Nf5 50. g4 Ne7 51. Rxh6 d4 52. Kf1 Kxc7 53. Ke2 Kc6 54. Rh7 Nd5 55. Rg7 Nf4+ 56. Kd2 Kd5 57. Ra7 Kxe5 0-1